000 00559nam a2200205 a 4500
999 _c4592
_d4592
001 4592
003 BD-JhCC
005 20171128190958.0
008 171128s1977 bg |||| |||| 000 0 eng d
035 _a(BD-JhCC)
040 _aBD-JhCC
_dBD-JhCC
041 _aeng
082 _a116
_bSHA 1977
100 _aSharafuddin, Al-Hajj Shaikh
245 _aThe Nation of Evolution Through the Ages /
_cAl-Hajj Shaikh Sharafuddin
260 _aDhaka:
_bBangladesh Books International Ltd;
_c1977
300 _a143 p.;
_c22 cm
650 _aEvolution
942 _2ddc
_cBK